Estatísticas para Nomes que começam com I

Clique aqui para jogar o quiz

Estatísticas Gerais

  • Esse quiz foi jogado 45 vezes
  • A pontuação média é 8 de 18

Estatísticas das Respostas

HintResposta% Correto
6.Isa
89%
4.Isabel
89%
17.Igor
69%
18.Ivo
67%
5.Isabela
64%
13.Iva
64%
1.Ivan
64%
3.Inês
47%
14.Ivone
44%
7.Íris
42%
9.Iara
39%
2.Ivana
36%
15.Ismael
33%
12.Isaura
28%
8.Irina
25%
16.Inácio
22%
10.Idalina
11%
11.Iolanda
11%

Distribuição das Pontuações

Percentil de Números Respondidos

Porcentagem de Pessoas com Cada Pontuação

Sua Pontuação Histórica

Você não jogou esse quiz